00663nam a2200229 a 4500001001300000003000900013005001700022008004100039020001000080082001500090100001600105245005400121260003700175300000800212500003500220505001700255650001600272902000800288942000700296952011500303999001500418nice12345678IN_TiNIC20260116011533.0050524s1967 lona grp 000 0 eng  ac10000a231.3bSTI aStibbs, A M aSpirit Within Youb Church`s Neglected Possession aLondonbHodder & Stoughtonc1967 a93p aincludes index and biblioraphy2 aBibliography aHoly Spirit bSRS cBK 001040708StackRoom-aHMIbHMId2008-03-07g100.00l0o231.3 STIp03547r2008-03-07v100.00w2005-05-24yBK c2421d2421